Normal view
MARC view
Entry Personal Name
001 - CONTROL NUMBER
- control field: 68080
003 - CONTROL NUMBER IDENTIFIER
- control field:
005 - DATE AND TIME OF LATEST TRANSACTION
- control field: 20251017171453.0
008 - FIXED-LENGTH DATA ELEMENTS
- fixed length control field: 251017|| aca||aabn | a|a d
040 ## - CATALOGING SOURCE
- Original cataloging agency:
- Transcribing agency:
100 ## - HEADING--PERSONAL NAME
- Personal name: ALUTU, Azuka N
670 ## - SOURCE DATA FOUND
- Source citation: Work cat.: ()33441: ALUTU, Azuka N. aut , Reflection on my life 's journey :, 2024
